000 00323nam a22001457a 4500
008 210427b ||||| |||| 00| 0 eng d
020 _a3486550306
041 _aeng
080 _a030
082 _a030
100 _a23
101 _aENC
245 _aDie Stadt in der Fruhen Neuzeit
_cHeinz Schilling
942 _2udc
_cBK
999 _c56816
_d56816